LDR 01044naa#a2200193#i#450# 001 RU\\bibl\123449 005 20260705170941.7 011 ## _a1994-4683 100 ## _a20230731b2023####ek#y0rusy0150####ca 102 ## _aRU 200 1# _aРЕГУЛЯЦИЯ НЕБЛАГОПРИЯТНЫХ СОСТОЯНИЙ ВЫСОКОКВАЛИФИЦИРОВАННЫХ БИАТЛОНИСТОВ С ПОМОЩЬЮ ИННОВАЦИОННЫХ ПСИХОТЕХНОЛОГИЙ _eЖурнальная статья 210 1# _aМосква _cНациональный государственный Университет физической культуры, спорта и здоровья им. П.Ф. Лесгафта _d2023 215 ## _a4 с. 608 ## _aЖурнальная статья _2local 675 ## _aБиатлон. 796.92.093.642 _z 700 #1 _aМануйло _gИлья Владимирович 700 #1 _aСергеев _gГеннадий Александрович 700 #1 _aСытник _gГалина Владимировна 856 4# _auchzapiski.lesgaft.spb.ru _u